Ostinato / (Record no. 16876)

MARC details
000 -LEADER
campo de control de longitud fija 00689nam a2200241 i 4500
001 - NÚMERO DE CONTROL
campo de control 16876
003 - IDENTIFICADOR DE NÚMERO DE CONTROL
campo de control ES-MaACL
007 - CAMPO FIJO DE DESCRIPCIÓN FÍSICA--INFORMACIÓN GENERAL
campo de control de longitud fija t|
008 - DATOS DE LONGITUD FIJA--INFORMACIÓN GENERAL
campo de control de longitud fija 001117s1986 sp ||||0| spa j ..|
015 ## - NÚMERO DE BIBLIOGRAFÍA NACIONAL
Número de bibliografía nacional 1988-ENE-1988-DIC-19392
016 7# - NÚMERO DE CONTROL DE UNA AGENCIA BIBLIOGRÁFICA NACIONAL
Número de control cancelado/no válido SAB9000005644
020 ## - NÚMERO INTERNACIONAL ESTÁNDAR DEL LIBRO
Número Internacional Estándar del Libro 84-505-3517-4
040 ## - FUENTE DE CATALOGACIÓN
Centro catalogador/agencia de origen M-BN-DP
Lengua de catalogación spa
Centro/agencia transcriptor M-BN-DP
080 ## - NÚMERO DE LA CLASIFICACIÓN DECIMAL UNIVERSAL
Número de la Clasificación Decimal Universal 860-14"19"
100 1# - ENTRADA PRINCIPAL--NOMBRE DE PERSONA
Nombre de persona Rozas, Juan Manuel.
9 (RLIN) 100249
245 10 - MENCIÓN DEL TÍTULO
Título Ostinato /
Mención de responsabilidad, etc. Juan Manuel Rozas.
260 ## - PUBLICACIÓN, DISTRIBUCIÓN, ETC.
Lugar de publicación, distribución, etc. Badajoz :
Nombre del editor, distribuidor, etc. Diputación Provincial,
Fecha de publicación, distribución, etc. D.L. 1986.
300 ## - DESCRIPCIÓN FÍSICA
Extensión 93 p ;
Dimensiones 21 cm.
490 1# - MENCIÓN DE SERIE
Mención de serie Colección Alcazaba ;
Designación de volumen o secuencia 5
830 0# - PUNTO DE ACCESO ADICIONAL DE SERIE-TÍTULO UNIFORME
Título uniforme Colección Alcazaba ;
Designación de volumen o secuencia 5
9 (RLIN) 180056
852 ## - LOCALIZACIÓN
Ubicación ES-MaACL
Número de control de estantería G-3254
Sublocalización o colección R.113600
Holdings
Estatus retirado Estado de pérdida Estado de daño No para préstamo Biblioteca de origen Biblioteca actual Ubicación en estantería Fecha de adquisición Fuente de adquisición Total de préstamos Signatura topográfica completa Código de barras Visto por última vez Precio de reemplazo Tipo de ítem Koha
        Biblioteca del Ateneo de Madrid Biblioteca del Ateneo de Madrid Depósito 2 17/01/2008     G-3254 1017141 23/02/2023 23/02/2023 Libro impreso